|
|
|
|
| LEADER |
01395nam a2200265 a 4500 |
| 001 |
13994468 |
| 008 |
091124s2003 bg a bs 000 0 eng d |
| 010 |
|
|
|a 2004312713
|
| 040 |
|
|
|a DLC
|c DLC
|
| 082 |
|
|
|a 330.95492
|2 22
|
| 100 |
1 |
|
|a Daniels, Lisa.
|
| 245 |
1 |
0 |
|a National private-sector survey of enterprises in Bangladesh, 2003 /
|c Lisa Daniels.
|
| 260 |
|
|
|a [Dhaka] :
|b International Consluting Group, and Micro Industries Development Assistance & Services,
|c 2003.
|
| 300 |
|
|
|a iv, 92 p. :
|b ill. ;
|c 29 cm.
|
| 500 |
|
|
|a "Prepared for Department for International Development, United States Agency for International Development, Swissa Agency for Development and Cooperation, Swiss International Development Cooperation Agency."
|
| 500 |
|
|
|a "Conducted by International Consulting Group in association with Micro Industries Development Assistance & Services (MIDAS), HB Consultants Ltd."--Cover.
|
| 500 |
|
|
|a Includes statistical tables.
|
| 504 |
|
|
|a Includes bibliographical references (p. 63).
|
| 541 |
1 |
|
|e 00016803
|
| 650 |
|
0 |
|a Free enterprise
|z Bangladesh.
|
| 650 |
|
0 |
|a Free enterprise
|z Bangladesh
|v Statistics.
|
| 710 |
2 |
|
|a International Consulting Group.
|
| 852 |
4 |
|
|a Ayesha Abed Library
|j General Shelf
|
| 999 |
|
|
|c 5933
|d 5933
|
| 952 |
|
|
|0 0
|1 0
|2 ddc
|4 0
|6 330_954920000000000_DAN_2003
|7 0
|9 5918
|a BRACUL
|b BRACUL
|c GEN
|d 2009-12-06
|l 0
|o 330.95492 DAN
|p 3010016803
|r 2009-12-06
|t 1
|w 2009-12-06
|y BK
|